Statistics for Arrowverse Main Villains

Click here to take the quiz!

General Stats

  • This quiz has been taken 172 times
  • The average score is 23 of 46

Answer Stats

ShowSeasonVillain% Correct
Flash1, 5Eobard Thawne / Reverse-Flash
94%
CrossoversCrisis on Earth-XEobard Thawne / Reverse-Flash
94%
Legends2Eobard Thawne / Reverse-Flash
94%
Arrow1Malcolm Merlyn / Dark Archer
94%
Legends2Malcolm Merlyn / Dark Archer
91%
Flash2Hunter Zolomon / Zoom
90%
Arrow2Slade Wilson / Deathstroke
90%
Legends2-3Damein Darhk
86%
Arrow4Damien Darhk
86%
Flash3Barry Allen / Savitar
82%
Arrow3Ra's al Ghul
81%
Arrow5Adrian Chase / Prometheus
80%
Flash4Clifford DeVoe / The Thinker
78%
CrossoversHeroes Join ForcesVandal Savage
70%
Legends1Vandal Savage
70%
Arrow6-7Ricardo Diaz / Dragon
65%
CrossoversCrisis on Infinite EarthsMobius / Anti-Monitor
64%
Flash5Orlin Dwyer / Cicada
64%
CrossoversCrisis on Earth-XKara Zor-El / Overgirl
57%
CrossoversCrisis on Earth-XOliver Queen / Dark Arrow
56%
Supergirl4-5Lex Luthor
50%
Legends3Nora Darhk
46%
Arrow7Emiko Queen
45%
Flash6Eva McCulloch / Mirror Master
44%
Supergirl1Astra In-Ze
43%
Flash6Ramsey Rosso / Bloodwork
43%
Flash5Grace Gibbons / Cicada 2.0
42%
Legends3Mallus
42%
Supergirl1Non
39%
Supergirl3Samanta Arias / Reign
39%
Arrow6Cayden James
37%
Batwoman1Beth Kane / Alice
34%
Legends4Neron
30%
Supergirl2Queen Rhea
28%
Black Lightning1-2Tobias Whale
28%
CrossoversElseworldsJohn Deegan
27%
Supergirl4Ben Lockwood / Agent Liberty
23%
Supergirl2Lillian Luthor
20%
Batwoman1Jonathan Cartwright / Mouse
16%
Legends5Atropos
14%
Legends5Lachesis
12%
Supergirl5Rama Khan
11%
Black Lightning3Tyson Sykes / Gravedigger
10%
Black Lightning3Agent Percy Odell
7%
Supergirl5Gema Cooper / Gamemnae
6%
Black Lightning1Martin Proctor
4%

Score Distribution

Percentile by Number Answered

Percent of People with Each Score

Your Score History

You have not taken this quiz